KOHA-Header-6

Management Skills making the most of people (Record no. 12013)

000 -LEADER
fixed length control field 00315nam a22001337a 4500
020 ## - INTERNATIONAL STANDARD BOOK NUMBER
ISBN 0-201-54448-2
082 ## - DEWEY DECIMAL CLASSIFICATION NUMBER
Classification number 658.3
100 ## - MAIN ENTRY--AUTHOR NAME
Personal name Robin Evenden
245 ## - TITLE STATEMENT
Title Management Skills making the most of people
260 ## - PUBLICATION, DISTRIBUTION, ETC. (IMPRINT)
Place of publication New York
Name of publisher Addison Wesley
Year of publication 2002
300 ## - PHYSICAL DESCRIPTION
Number of Pages 374
650 ## - SUBJECT ADDED ENTRY--TOPICAL TERM
Topical Term Management
942 ## - ADDED ENTRY ELEMENTS (KOHA)
Koha item type Books
Holdings
Withdrawn status Lost status Permanent Location Current Location Date acquired Full call number Accession Number Koha item type
    MAJU MAJU 2019-10-02 658.3 Av169 Books

Powered by Koha